ELEMENTARY EDUCATION IN HISPANIC AMERICA DURING THE VICEREGAL CENTURIES /

CONTENIDO: V.2 SCHOOLS IN NEW MEXICO, FLORIDA, ARIZONA ANDTEXAS

Збережено в:
Бібліографічні деталі
Автор: Vega, Maria Luisa (autor)
Інші автори: Vega, Jose de Jesus (autor) (autor)
Формат: Книга
Серія:BIBLIOTECA HISPANO-AMERICANA DE DIVULGACION ; 3
Предмети:
Теги: Додати тег
Немає тегів, Будьте першим, хто поставить тег для цього запису!

MARC

LEADER 00000nam^a2200000^a^4500
001 000242692
005 20250521000000.0
009 20260310105306.132
035 |a 062627 
037 |a Acervo Xavier Clavigero 
082 |a 372. VEG V. 2 
100 |a Vega, Maria Luisa  |e (autor) 
245 1 0 |a ELEMENTARY EDUCATION IN HISPANIC AMERICA DURING THE VICEREGAL CENTURIES /  |c MARIA LUISA VEGA, JOSE DE JESUS VEGA 
264 |a S/L :  |b HISPANO-AMERICANA DE DIVULGACION,  |c 1986 
300 |a V.- :  |b maps., retrs. 
336 |a texto  |b txt  |2 rdacontenido 
337 |a sin mediación  |b n  |2 rdamedio 
338 |a volumen  |b nc  |2 rdasoporte 
440 |a BIBLIOTECA HISPANO-AMERICANA DE DIVULGACION ;  |v 3 
520 |a CONTENIDO: V.2 SCHOOLS IN NEW MEXICO, FLORIDA, ARIZONA ANDTEXAS 
649 |a XX 
650 |a Educación Primaria 
650 |a Educación -  |z Iberoamérica 
700 |a Vega, Jose de Jesus  |e (autor) 
910 |a Fondo General 
920 |a Impresos - Libros 
930 |a Colección General 
905 |a 101 
901 |a 062627  |b IT1  |c ACC  |i 062627  |u 20250521 
902 |a https://opac.biblio.iteso.mx/vufind/Record/000242692